000 004600000a22001810004500
003 MACL
005 20151017114702.0
008 151017b xxu||||| |||| 00| 0 eng d
040 _aMACL
_cMACL
041 _aEnglish
082 _a920/PRA
100 _aPrakash, Prem
_915542
245 _aAmbedkar, Politics and Scheduled Castes
260 _bAshish Publication House
_c1993
_aNew Delhi
350 _a250
650 _aBiography
_915543
942 _cBK
_k920
_2ddc
999 _c4120
_d4120